01939 a2200169 45000010006000000050017000060080041000230030015000640400040000790800095001192450041002142640064002553000019003195051400003380410008017381000023017465002020260407155801.0260407a1965 arg spa dAR-UNSa-BCEJYS aAR-UNSa-BCEJYSbspacAR-UNSa-BCEJYS a330.8xHistoria de las teorías, Doctrinas, Dogmas económicos (pensamiento económico)10aHistoria del pensamiento económico 1aBuenos Aires :bTEA (Tipográfica Editora Argentina)c1965 a609 p.c23 cm. a1. El siglo VIII, Locke y Newton: El orden natural y los fisiócratas - 2. Los precursores de Adam Smith en filosofía moral - 3. La filosofía de la ciencia y la teoría de la psicología social y de la ética de Adam Smith - 4. El ideal y la teoría de la economía liberal autoajustable de Adam Smith - 5. El Benthamismo - 6. Malthus: crecimiento y pobreza de la población y economía clásica - 7. Ricardo: Introducción - 8. Ricardo: La teoría ricardiana de los valores de cambio, partes de renta y desarrollo económico, y la herejía de la falta de consumo - 9. Juan Stuart Mill: filosofía, ética, política y lógica - 10. Juan Stuart Mill: economía y economía política - 11. Carlos Marx y su sistema intelectual: sus elementos socialistas, ricardianos y hegelianos - 12. El liberalismo conservador victoriano y la economía neoclásica - 13. La economía de Marshall - 14. Del último apogeo del liberalismo clásico a las ideologías, regímenes y conflictos mundiales de mediados del siglo XX: socialismo democrático y liberalismo intervencionista - 16. Desarrollos recientes de nuevas teorías económicas relativas a problemas de política económica: un nuevo análisis de la competencia y el monopolio - 17. Recientes desarrollos de nuevas teorías económicas relacionadas con problemas de normas públicas: la economía keynesiana. aspa1 aTaylor, Overton H.